Ploché střechy

Saved in:
Bibliographic Details
Main Authors: Novotný, Marek (Author), Misar, Ivan (Author)
Format: Book
Published: Praha : Grada Publishing, 2003
Subjects:
Tags: Add Tag
No Tags, Be the first to tag this record!

MARC

LEADER 00000nam a22000003a 4500
001 stu99786
005 20190206132422.0
008 051214s2003----------------------------d
020 |a 80-7169-530-0 
040 |a STU  |b slo 
041 0
080 |a 69.024.3 
100 1 |a Novotný, Marek  |4 aut 
245 1 |a Ploché střechy 
260 |a Praha :  |b Grada Publishing,  |c 2003 
300 |a 178 s  |c CD 
650 7 |a strechy  |2 stusub 
650 7 |a strechy ploché  |2 stusub 
700 1 |a Misar, Ivan  |4 aut 
996 |b 284V031271  |c V*50346/O-22480  |l VVS  |s A  |a 24  |w stu99786_0001 
996 |b 284V030549  |c V*49647/O-22003a  |l VVS  |s A  |a 24  |w stu99786_0002 
996 |b 284V030550  |c V*49646/O-22003  |l VVS  |s A  |a 24  |w stu99786_0003 
996 |b 284V029131  |c V*49284/O-21741  |l VVT  |s A  |a 24  |w stu99786_0004 
996 |b 284AU01800  |c A*4461 U  |l AAKNST  |s P  |a 0  |w stu99786_0005 
996 |b 284AU01801  |c A*4465 U  |l AAKNAR  |s A  |a 24  |w stu99786_0006